Municipios de Navarra - Estadísticas

Estadísticas generales
  • Esta prueba ha sido intentada 2.112 veces
    738 desde el último reinicio
  • La puntuación promedio es 101 de 272
Respuestas en el mapa
Las respuestas están codificadas por una escala verde-roja en el mapa de la prueba según el % correcto abajo.
 
Estadísticas de respuestas
MerindadEstella Municipio % Correcto
Pamplona / Montaña Pamplona / Iruña
92%
Estella Estella / Lizarra
90%
Tudela / Ribera Tudela / Tutera
89%
Olite Tafalla
83%
Olite Olite / Erriberri
80%
Pamplona / Montaña Baztán / Baztan
75%
Sangüésa Sangüesa / Zangoza
75%
Pamplona / Montaña Alsasua / Altsasu
71%
Sangüésa Huarte / Uharte
65%
Sangüésa Valle de Elorz / Elortzibar
65%
Tudela / Ribera Cintruénigo
63%
Estella Lodosa
62%
Pamplona / Montaña Ansoáin / Antsoain
61%
Pamplona / Montaña Berriozar
61%
Tudela / Ribera Corella
61%
Sangüésa Isaba / Izaba
61%
Pamplona / Montaña Vera de Bidasoa / Bera
61%
Estella Viana
61%
Pamplona / Montaña Barañáin / Barañain
60%
Olite Peralta / Azkoien
60%
Pamplona / Montaña Puente la Reina / Gares
60%
Tudela / Ribera Cascante
59%
Pamplona / Montaña Lesaca / Lesaka
59%
Sangüésa Roncal / Erronkari
59%
Pamplona / Montaña Zugarramurdi
59%
Sangüésa Burlada / Burlata
58%
Tudela / Ribera Carcastillo
58%
Sangüésa Ochagavía / Otsagabia
58%
Pamplona / Montaña Villava / Atarrabia
58%
Estella San Adrián
57%
Pamplona / Montaña Lecunberri / Lekunberri
56%
Sangüésa Lumbier / Irunberri
56%
Sangüésa Petilla de Aragón
56%
Sangüésa Egués / Eguesibar
55%
Pamplona / Montaña Zizur Mayor / Zizur Nagusia
55%
Pamplona / Montaña Echarri / Etxarri
54%
Olite Falces
54%
Olite Funes
54%
Pamplona / Montaña Irurzun / Irurtzun
54%
Pamplona / Montaña Leiza / Leitza
54%
Olite Milagro
54%
Tudela / Ribera Castejón
53%
Olite Marcilla
53%
Sangüésa Roncesvalles / Orreaga
53%
Pamplona / Montaña Santesteban / Doneztebe
53%
Olite Ujué / Uxue
53%
Sangüésa Aoiz / Agoitz
52%
Tudela / Ribera Cortes
52%
Sangüésa Javier / Xabier
52%
Tudela / Ribera Murchante
52%
Sangüésa Yesa
52%
Olite Caparroso
51%
Estella Mendavia
51%
Sangüésa Aranguren
50%
Tudela / Ribera Fitero
50%
Tudela / Ribera Villafranca
50%
Tudela / Ribera Ablitas
49%
Pamplona / Montaña Cizur
49%
Pamplona / Montaña Berrioplano / Berriobeiti
48%
Olite Larraga
48%
Estella Los Arcos
48%
Tudela / Ribera Ribaforada
48%
Tudela / Ribera Valtierra
48%
Estella Allo
47%
Estella Andosilla
47%
Tudela / Ribera Arguedas
47%
Tudela / Ribera Buñuel
47%
Sangüésa Burgui / Burgi
47%
Estella Lerín
47%
Sangüésa Valcarlos / Luzaide
47%
Olite Artajona
46%
Pamplona / Montaña Beriáin
46%
Estella Cárcar
46%
Sangüésa Cáseda
46%
Estella Sartaguda
46%
Tudela / Ribera Cadreita
45%
Sangüésa Erro
45%
Pamplona / Montaña Lacunza / Lakuntza
45%
Olite Mendigorría
45%
Sangüésa Monreal / Elo
45%
Pamplona / Montaña Urdax / Urdazubi
45%
Tudela / Ribera Fustiñana
44%
Pamplona / Montaña Iza / Itza
44%
Pamplona / Montaña Olazagutía / Olazti
44%
Olite San Martín de Unx
44%
Olite Barásoain
43%
Pamplona / Montaña Donamaría / Doneztebe
43%
Olite Pitillas
43%
Tudela / Ribera Mélida
42%
Olite Miranda de Arga
42%
Olite Murillo el Cuende
42%
Olite Pueyo / Puiu
42%
Estella Sesma
42%
Sangüésa Abaurrea Alta / Abaurregaina
41%
Sangüésa Aibar / Oibar
41%
Estella Azagra
41%
Sangüésa Burguete / Auritz
41%
Pamplona / Montaña Echalar / Etxalar
41%
Olite Garínoain
41%
Olite Murillo el Fruto
41%
Sangüésa Navascués / Nabaskoze
41%
Pamplona / Montaña Orcoyen
41%
Pamplona / Montaña Uharte-Arakil
41%
Sangüésa Abaurrea Baja / Abaurrepea
40%
Pamplona / Montaña Adiós
40%
Pamplona / Montaña Arbizu
40%
Tudela / Ribera Cabanillas
40%
Sangüésa Esteribar
39%
Pamplona / Montaña Lanz / Lantz
39%
Pamplona / Montaña Obanos
39%
Sangüésa Orbaizeta
39%
Tudela / Ribera Tulebras
39%
Pamplona / Montaña Ulzama
39%
Olite Beire
38%
Pamplona / Montaña Ciordia / Ziordia
38%
Pamplona / Montaña Echarri-Aranaz / Etxarri-Aranatz
38%
Estella Yerri / Deierri
38%
Pamplona / Montaña Araquil / Arakil
37%
Estella Dicastillo
37%
Pamplona / Montaña Echauri / Etxauri
37%
Tudela / Ribera Fontellas
37%
Estella Lapoblación
37%
Tudela / Ribera Monteagudo
37%
Sangüésa Uztárroz / Uztarroze
37%
Estella Abárzuza / Abartzuza
36%
Tudela / Ribera Barillas
36%
Olite Berbinzana
36%
Sangüésa Eslava
36%
Sangüésa Gallipienzo / Galipentzu
36%
Pamplona / Montaña Goizueta
36%
Pamplona / Montaña Urroz / Urrotz
36%
Pamplona / Montaña Aranaz / Aranatz
35%
Pamplona / Montaña Areso
35%
Pamplona / Montaña Galar
35%
Sangüésa Liédena
35%
Olite Santacara
35%
Pamplona / Montaña Sunbilla
35%
Estella Villatuerta
35%
Pamplona / Montaña Arano
34%
Pamplona / Montaña Ituren
34%
Pamplona / Montaña Ollo / Ollaran
34%
Sangüésa Urraúl Alto / Urraulgoiti
34%
Sangüésa Urzainqui / Urzainki
34%
Pamplona / Montaña Zubieta
34%
Estella Arróniz
33%
Estella Ayegui / Aiegi
33%
Pamplona / Montaña Betelu
33%
Sangüésa Castillo-Nuevo / Gazteluberri
33%
Sangüésa Garde
33%
Pamplona / Montaña Larraun
33%
Estella Mañeru
33%
Olite Unzué / Untzue
33%
Pamplona / Montaña Urdiain
33%
Sangüésa Urraúl Bajo / Urraulbeiti
33%
Estella Ancín
32%
Pamplona / Montaña Añorbe
32%
Sangüésa Guesa / Gesa
32%
Sangüésa Romanzado / Erromantzatua
32%
Sangüésa Sada
32%
Estella Aguilar de Codés
31%
Pamplona / Montaña Ezcabarte
31%
Pamplona / Montaña Iturmendi
31%
Pamplona / Montaña Olza / Oltza
31%
Estella Oteiza
31%
Pamplona / Montaña Bacaicoa / Bakaioko
30%
Estella Goñi
30%
Sangüésa Jaurrieta
30%
Estella Abáigar
29%
Pamplona / Montaña Basaburua
29%
Estella Cirauqui / Zirauki
29%
Pamplona / Montaña Elgorriaga
29%
Estella Espronceda
29%
Sangüésa Garralda
29%
Pamplona / Montaña Iganzi / Igantzi
29%
Pamplona / Montaña Irañeta
29%
Olite Leoz / Leotz
29%
Sangüésa Lerga
29%
Estella Torres del Río
29%
Estella Améscoa Baja / Ameskoabarrena
28%
Pamplona / Montaña Anue
28%
Sangüésa Arce / Artzi
28%
Sangüésa Oroz-Betelu / Orotz-Betelu
28%
Sangüésa Vidángoz / Bidankoze
28%
Estella Aberin
27%
Estella Bargota
27%
Sangüésa Esparza de Salazar / Espartza Zaraitzu
27%
Sangüésa Ezcaroz / Ezkaroze
27%
Pamplona / Montaña Muruzábal
27%
Estella Torralba del Río
27%
Pamplona / Montaña Enériz / Eneritz
26%
Estella Guesálaz / Gesalatz
26%
Estella Larraona
26%
Pamplona / Montaña Legarda
26%
Pamplona / Montaña Saldias
26%
Sangüésa Unciti
26%
Sangüésa Urroz-Villa
26%
Estella Villamayor de Monjardín
26%
Sangüésa Aria
25%
Pamplona / Montaña Bertizarana
25%
Sangüésa Izagaondoa
25%
Estella Lazagurría
25%
Estella Lezáun / Lezaun
25%
Sangüésa Lizoáin / Lizoain-Arriasgoiti
25%
Sangüésa Lónguida / Longida
25%
Estella Salinas de Oro / Jaitz
25%
Sangüésa Tiebas-Muruarte de Reta
25%
Sangüésa Villanueva de Aezkoa / Hiriberri
25%
Estella Zúñiga
25%
Estella Eulate
24%
Sangüésa Garaioa
24%
Sangüésa Ibargoiti
24%
Pamplona / Montaña Juslapeña / Txulapain
24%
Estella Oco
24%
Sangüésa Oronz / Orontze
24%
Estella Sansol
24%
Pamplona / Montaña Atez / Atetz
23%
Estella Desojo
23%
Estella Guirguillano
23%
Pamplona / Montaña Imoz / Imotz
23%
Estella Luquin
23%
Estella Marañón
23%
Estella Metauten
23%
Olite Orísoain
23%
Pamplona / Montaña Zabalza / Zabalza
23%
Estella Allín / Allin
22%
Pamplona / Montaña Ergoiena
22%
Estella Etayo
22%
Pamplona / Montaña Uterga
22%
Estella Arellano
21%
Pamplona / Montaña Belascoáin
21%
Pamplona / Montaña Ciriza / Ziritza
21%
Estella El Busto
21%
Sangüésa Gallués / Galoze
21%
Estella Genevilla
21%
Sangüésa Izalzu / Itzaltzu
21%
Estella Lana
21%
Estella Nazar
21%
Sangüésa Orbara
21%
Estella Aras
20%
Sangüésa Aribe
20%
Estella | Pamplona / Montaña Artazu
20%
Pamplona / Montaña Ezkurra
20%
Sangüésa Ezprogui
20%
Estella Igúzquiza / Iguzkitza
20%
Pamplona / Montaña Odieta
20%
Pamplona / Montaña Tirapu
20%
Pamplona / Montaña Úcar
20%
Pamplona / Montaña Araiz
19%
Estella Azuelo
19%
Pamplona / Montaña Erasun
19%
Estella Mendaza
19%
Estella Mirafuentes
19%
Estella Morentin
19%
Estella Mués
19%
Pamplona / Montaña Oiz
19%
Estella Piedramillera
19%
Sangüésa Sarriés / Sartze
19%
Estella Aranarache / Aranaratxe
18%
Pamplona / Montaña Labaien
18%
Estella Armañanzas
17%
Estella Barbarin
17%
Sangüésa Leache / Leatxe
17%
Estella Murieta
17%
Estella Olejua
17%
Olite Olóriz / Oloritz
17%
Pamplona / Montaña Bidaurreta
16%
Pamplona / Montaña Biurrun-Olcoz
16%
Estella Cabredo
16%
Estella Legaria
16%
Estella Sorlada
16%
Pamplona / Montaña Olaibar
15%
No se encontraron pruebas coincidentes
Distribución de puntuación
Porcentaje de gente con cada puntuación
Porcentaje por número respondido
Historial de tus puntuaciones
No has intentado esta prueba desde el último reinicio